[Event "2023 Perth Chess Club Championship"]
[Site "Woodvale, Perth WA AUS"]
[Date "2023.05.24"]
[Round "7"]
[White "Janceski, Alex"]
[Black "Clarke, Daniel"]
[Result "1/2-1/2"]
[WhiteElo "1851"]
[BlackElo "1880"]
[PlyCount "76"]
[EventDate "2023.04.12"]
[EventType "swiss"]
[EventRounds "7"]
[EventCountry "AUS"]
[TimeControl "3600+30"]

1. d4 Nf6 2. c4 e6 3. Nf3 d5 4. e3 Nbd7 5. a3 Be7 6. Nc3 O-O 7. b3 b6 8. cxd5
Nxd5 9. Nxd5 exd5 10. Bb2 c5 11. dxc5 Nxc5 12. b4 Ne6 13. Bd3 Bf6 14. Qc2 Bxb2
15. Qxb2 Ng5 16. Nd2 Bb7 17. O-O Rc8 18. Rfd1 Qe7 19. Nb3 Ne4 20. Nd4 a6 21.
Rac1 Nd6 22. Qe2 Ne4 23. Nf5 Qe5 24. Bxe4 Qxe4 25. Rxc8 Bxc8 26. Nd6 Qe6 27.
Nxc8 Qxc8 28. h3 Qc4 {(=)} 29. Qd3 Qxd3 30. Rxd3 Rd8 31. Rd4 f5 32. Kf1 Kf7 33.
Ke2 b5 34. f3 Ke6 35. h4 Rc8 36. Kd2 Rc4 37. g3 {(=)} Rxd4+ 38. exd4 g6 1/2-1/2

[Event "2023 Perth Chess Club Championship"]
[Site "Woodvale, Perth WA AUS"]
[Date "2023.05.24"]
[Round "7"]
[White "Leech, Martin"]
[Black "Gibson, Jacob"]
[Result "0-1"]
[WhiteElo "1424"]
[BlackElo "1964"]
[PlyCount "112"]
[EventDate "2023.04.12"]
[EventType "swiss"]
[EventRounds "7"]
[EventCountry "AUS"]
[TimeControl "3600+30"]

1. e4 c5 2. Nf3 d6 3. d4 cxd4 4. Nxd4 Nf6 5. Nc3 a6 6. f3 e5 7. Nb3 Be6 8. Be3
h5 9. Qd2 Nbd7 10. O-O-O Rc8 11. Kb1 b5 12. Bd3 Nb6 13. Bxb6 Qxb6 14. h3 b4 15.
Nd5 Nxd5 16. exd5 Bxd5 17. Bxa6 Bb7 18. Bxb7 Qxb7 19. Rhe1 Be7 20. f4 Qc7 21.
Re4 O-O 22. Rxb4 d5 23. Rb5 Rfd8 24. fxe5 Qxe5 25. Rxd5 Qe4 26. Rd4 Qe5 27. Re1
Qc7 28. Rxd8+ Rxd8 29. Qe2 Bh4 30. Rd1 Rxd1+ 31. Qxd1 Qh2 32. Qf1 Qe5 33. a4
Bf6 34. c3 Qe4+ 35. Kc1 Bg5+ 36. Nd2 Qxa4 37. Qf5 Qa1+ 38. Kc2 Bxd2 39. Kxd2
Qxb2+ 40. Qc2 Qb7 41. Kc1 Qb6 42. c4 Qc5 43. Qe4 Kf8 44. Qd5 Qxd5 45. cxd5 Ke7
46. Kd2 Kd6 47. Ke3 Kxd5 48. Kf4 g6 49. Kg5 Ke4 50. h4 Ke5 51. g3 Ke4 52. g4
hxg4 53. Kxg4 f6 54. Kg3 f5 55. Kg2 Kf4 56. Kh3 Kf3 0-1

[Event "2023 Perth Chess Club Championship"]
[Site "Woodvale, Perth WA AUS"]
[Date "2023.05.24"]
[Round "7"]
[White "De Yaak, Peter"]
[Black "Roebuck, Derek"]
[Result "1-0"]
[WhiteElo "1892"]
[BlackElo "1804"]
[PlyCount "67"]
[EventDate "2023.04.12"]
[EventType "swiss"]
[EventRounds "7"]
[EventCountry "AUS"]
[TimeControl "3600+30"]

1. e4 e5 2. Nf3 Nc6 3. Bc4 Nf6 4. Ng5 d5 5. exd5 Nd4 6. c3 b5 7. Bd3 Nxd5 8.
Nxf7 Kxf7 9. cxd4 Nf6 10. Bxb5 Qxd4 11. O-O Bd6 12. d3 Kf8 13. Nc3 Bb7 14. g3
Bb4 15. Be3 Qd8 16. Bc4 Qd7 17. f3 Bxc3 18. Bc5+ Ke8 19. bxc3 Bd5 20. Bxd5 Qxd5
21. d4 Kf7 22. Qd3 exd4 23. cxd4 Rhe8 24. Rfe1 Nd7 25. Rec1 Re6 26. Qb3 Nf6 27.
Rab1 Rae8 28. Rc2 Re3 29. Qxd5+ Nxd5 30. Kf2 a6 31. Rb7 Re1 32. g4 Rh1 33. Bd6
Rxh2+ 34. Bxh2 1-0

[Event "2023 Perth Chess Club Championship"]
[Site "Woodvale, Perth WA AUS"]
[Date "2023.05.24"]
[Round "7"]
[White "Garang, Kuol Awan"]
[Black "Wolstencroft, Alan"]
[Result "0-1"]
[WhiteElo "1619"]
[BlackElo "1849"]
[PlyCount "74"]
[EventDate "2023.04.12"]
[EventType "swiss"]
[EventRounds "7"]
[EventCountry "AUS"]
[TimeControl "3600+30"]

1. e4 c5 2. f4 e6 3. c4 Nc6 4. Nf3 Qc7 5. d3 g6 6. Na3 a6 7. d4 cxd4 8. Nxd4
Bb4+ 9. Ke2 Nge7 10. b3 Bc3 11. Nxc6 Qxc6 12. Rb1 Qxe4+ 13. Be3 Nf5 14. Qd3
Qxe3+ 15. Qxe3 Nxe3 16. Kxe3 Bb4 17. Nc2 Bc5+ 18. Kd3 b6 19. b4 Bd6 20. Ke3 Bb7
21. a3 O-O 22. Ne1 Be7 23. Be2 Rac8 24. Kd3 Rfd8 25. Bf3 d5 26. cxd5 Bxd5 27.
Ke2 Rc3 28. Ra1 Bf6 29. Bxd5 Rxd5 30. Ra2 Rd4 31. g3 Rc1 32. Rc2 Ra1 33. g4
Rxf4 34. Nd3 Rxh1 35. Nxf4 Rxh2+ 36. Ng2 Rxg2+ 37. Kd3 Rxc2 0-1

[Event "2023 Perth Chess Club Championship"]
[Site "Woodvale, Perth WA AUS"]
[Date "2023.05.24"]
[Round "7"]
[White "Brooke, John"]
[Black "Leonhardt, Wolfgang"]
[Result "0-1"]
[WhiteElo "1301"]
[BlackElo "1778"]
[PlyCount "120"]
[EventDate "2023.04.12"]
[EventType "swiss"]
[EventRounds "7"]
[EventCountry "AUS"]
[TimeControl "3600+30"]

1. e4 c5 2. Bc4 a6 3. a3 Nc6 4. d3 e6 5. Nc3 b5 6. Ba2 Bb7 7. Nf3 Be7 8. Bf4
Nf6 9. h3 Nd4 10. Be5 Nc6 11. Bh2 d6 12. Ne2 Qb6 13. c3 e5 14. Qc2 Rc8 15. O-O
O-O 16. Rad1 h6 17. Ng3 g6 18. Rfe1 Nd8 19. d4 cxd4 20. Qe2 dxc3 21. Rc1 cxb2
22. Rxc8 Bxc8 23. Qxb2 Be6 24. Rc1 Bxa2 25. Qxa2 Ne6 26. Qb2 Kh7 27. Qc2 Nc5
28. Nd2 Nfd7 29. Ngf1 Nb8 30. Ne3 Qd8 31. Nd5 f6 32. f3 Nc6 33. Kf1 Nd4 34. Qb1
f5 35. Ke1 f4 36. Bg1 Bh4+ 37. Kd1 Qa5 38. Bxd4 exd4 39. Qb4 Qa4+ 40. Qxa4 bxa4
41. Rc4 Bf2 42. Kc2 Rb8 43. Nb1 d3+ 44. Kc1 Be3+ 45. Nd2 Nb3+ 46. Kd1 Nxd2 47.
Rc7+ Kh8 48. Nb4 Nb1 49. Nxd3 Nxa3 50. Ke2 Nb1 51. g3 g5 52. gxf4 gxf4 53. Rc2
Rg8 54. Ne1 a3 55. Kd3 Rg1 56. Re2 a2 57. Nc2 Rd1+ 58. Kc4 Rc1 59. Kb3 Rxc2 60.
Rxc2 a1=Q 0-1

[Event "2023 Perth Chess Club Championship"]
[Site "Woodvale, Perth WA AUS"]
[Date "2023.05.24"]
[Round "7"]
[White "Stortz, Robert"]
[Black "Kerr, Carter"]
[Result "1-0"]
[WhiteElo "1870"]
[BlackElo "1257"]
[PlyCount "103"]
[EventDate "2023.04.12"]
[EventType "swiss"]
[EventRounds "7"]
[EventCountry "AUS"]
[TimeControl "3600+30"]

1. d4 d5 2. Bf4 Nf6 3. e3 c5 4. Nf3 e6 5. c3 Qb6 6. Qb3 c4 7. Qc2 Nh5 8. Bg3
Bd7 9. Nbd2 Nc6 10. Be2 Be7 11. Ne5 Nxe5 12. Bxe5 Nf6 13. O-O O-O 14. Bf3 a5
15. Rfe1 Bc6 16. e4 Qd8 17. exd5 exd5 18. Nf1 b5 19. a3 b4 20. axb4 axb4 21.
Ne3 Qd7 22. Nf5 b3 23. Nxe7+ Qxe7 24. Qd2 Ra2 25. h3 Rfa8 26. Rab1 R8a5 27. Qf4
h6 28. Bd6 Qa7 29. Re7 Qa6 30. Ba3 R5xa3 31. bxa3 Qxa3 32. Qb8+ Kh7 33. Qf8 Ra1
34. Qxf7 Rxb1+ 35. Kh2 Qd6+ 36. g3 Ne8 37. Re6 Rf1 38. Qg6+ Kh8 39. Rxd6 Nxd6
40. Qxd6 Rxf2+ 41. Bg2 b2 42. Qb4 Bd7 43. g4 Ba4 44. Kg3 Re2 45. Bxd5 Bb3 46.
Qf8+ Kh7 47. Qf5+ Kh8 48. Be4 Kg8 49. Qc8+ Kf7 50. Qc7+ Kg8 51. Bg6 Ba4 52.
Qf7+ 1-0

[Event "2023 Perth Chess Club Championship"]
[Site "Woodvale, Perth WA AUS"]
[Date "2023.05.24"]
[Round "7"]
[White "Ross, Leo"]
[Black "Gough, Dylan"]
[Result "0-1"]
[WhiteElo "1233"]
[BlackElo "1745"]
[PlyCount "70"]
[EventDate "2023.04.12"]
[EventType "swiss"]
[EventRounds "7"]
[EventCountry "AUS"]
[TimeControl "3600+30"]

1. e4 c5 2. Nf3 e6 3. c3 Nc6 4. d4 cxd4 5. cxd4 d5 6. exd5 Qxd5 7. Nc3 Qd8 8.
Bf4 a6 9. Qa4 Bd7 10. Qb3 Na5 11. Qc2 Rc8 12. Bd3 Nf6 13. O-O Bc6 14. Qe2 Bxf3
15. Qxf3 Nc6 16. Rfe1 Be7 17. Rad1 Qb6 18. d5 exd5 19. Nxd5 Nxd5 20. Qxd5 O-O
21. Qh5 g6 22. Qh6 Bf6 23. Re3 Bg7 24. Qh4 Qd8 25. Bg5 f6 26. Bc4+ Kh8 27. Rxd8
Rcxd8 28. Rd3 fxg5 29. Qxg5 Rxd3 30. Bxd3 Bd4 31. b3 Bxf2+ 32. Kh1 Bd4 33. a4
Ne5 34. Qd2 Ng4 35. g3 Rf2 0-1

[Event "2023 Perth Chess Club Championship"]
[Site "Woodvale, Perth WA AUS"]
[Date "2023.05.24"]
[Round "7"]
[White "Powell, Darren"]
[Black "Massam, Justin"]
[Result "1-0"]
[WhiteElo "1355"]
[BlackElo "1507"]
[PlyCount "47"]
[EventDate "2023.04.12"]
[EventType "swiss"]
[EventRounds "7"]
[EventCountry "AUS"]
[TimeControl "3600+30"]

1. e4 e5 2. Nc3 Nf6 3. Nf3 Nc6 4. Bc4 Bc5 5. O-O O-O 6. d3 d6 7. h3 a6 8. Bg5
h6 9. Bxf6 Qxf6 10. Nd5 Qg6 11. Kh1 b5 12. Bb3 Bb6 13. c3 a5 14. a4 b4 15. Rc1
Bd7 16. cxb4 axb4 17. Rxc6 Rfe8 18. Nxb6 Bxc6 19. Nxa8 Rxa8 20. Qc2 Ra6 21. Bc4
Bxa4 22. b3 Rc6 23. bxa4 Kh7 24. Qb3 1-0

[Event "2023 Perth Chess Club Championship"]
[Site "Woodvale, Perth WA AUS"]
[Date "2023.05.24"]
[Round "7"]
[White "Young, Manfred"]
[Black "Doshi, Chirag"]
[Result "0-1"]
[WhiteElo "1171"]
[BlackElo "1861"]
[PlyCount "53"]
[EventDate "2023.04.12"]
[EventType "swiss"]
[EventRounds "7"]
[EventCountry "AUS"]
[TimeControl "3600+30"]

1. d4 d5 2. Nf3 Bf5 3. Nc3 e6 4. h3 c5 5. e3 Nc6 6. Bb5 a6 7. Bxc6+ bxc6 8. Ne5
Qc7 9. Qf3 Nf6 10. O-O Bd6 11. Qe2 Bxe5 12. dxe5 Qxe5 13. f4 Qc7 14. b3 O-O 15.
Bb2 d4 16. Na4 Ne4 17. Qe1 Rfd8 18. exd4 cxd4 19. Rd1 c5 20. c3 d3 21. Bc1 c4
22. g4 Bg6 23. f5 exf5 24. gxf5 Qa7+ 25. Kg2 Bxf5 26. Rxf5 Qb7 27. Qe3 0-1

[Event "2023 Perth Chess Club Championship"]
[Site "Woodvale, Perth WA AUS"]
[Date "2023.05.24"]
[Round "7"]
[White "Lanham, Bruce"]
[Black "Maujean, Jean Michel"]
[Result "0-1"]
[WhiteElo "1181"]
[BlackElo "1307"]
[PlyCount "96"]
[EventDate "2023.04.12"]
[EventType "swiss"]
[EventRounds "7"]
[EventCountry "AUS"]
[TimeControl "3600+30"]

1. d4 d5 2. Nf3 c6 3. g3 Bf5 4. Bg2 h6 5. c4 e6 6. Nc3 Nf6 7. Qb3 Qb6 8. c5
Qxb3 9. axb3 Nbd7 10. b4 Be7 11. Nd2 O-O 12. Nb3 e5 13. e3 Bc2 14. Na5 Rab8 15.
Bd2 Bd3 16. Bf1 Bxf1 17. Rxf1 Ng4 18. h3 Nh2 19. Rh1 Nf3+ 20. Ke2 Nxd2 21. Kxd2
f5 22. f4 exd4 23. exd4 Bd8 24. Rhe1 Bxa5 25. bxa5 Rbe8 26. Re2 Nf6 27. Rae1
Kf7 28. Rxe8 Rxe8 29. Rxe8 Kxe8 30. Ne2 Ne4+ 31. Ke3 Kd7 32. g4 fxg4 33. hxg4
g6 34. Nc3 Nxc3 35. bxc3 Ke6 36. Kf3 h5 37. Kg3 hxg4 38. Kxg4 Kf6 39. Kf3 Kf5
40. Ke3 Kg4 41. f5 gxf5 42. Kf2 Kf4 43. Ke2 Kg3 44. Kf1 f4 45. Kg1 Kf3 46. Kf1
Ke3 47. Kg2 Ke2 48. Kg1 f3 0-1

[Event "2023 Perth Chess Club Championship"]
[Site "Woodvale, Perth WA AUS"]
[Date "2023.05.24"]
[Round "7"]
[White "Markou, Victor"]
[Black "Frankland, David"]
[Result "1-0"]
[WhiteElo "1070"]
[BlackElo "1047"]
[PlyCount "83"]
[EventDate "2023.04.12"]
[EventType "swiss"]
[EventRounds "7"]
[EventCountry "AUS"]
[TimeControl "3600+30"]

1. e4 e5 2. Nf3 d6 3. d3 h6 4. Nbd2 Be6 5. g3 Nf6 6. Bg2 Be7 7. O-O Qd7 8. Re1
Bh3 9. Bh1 Ng4 10. Re2 Bg5 11. Nf1 Bxc1 12. Rxc1 Nc6 13. Ne3 Nb4 14. a3 Nxe3
15. Rxe3 Na6 16. Nh4 g5 17. Nf3 f5 18. Nd2 f4 19. Re1 O-O-O 20. Nf3 fxg3 21.
fxg3 Rdf8 22. d4 Bg4 23. dxe5 Bxf3 24. Bxf3 Kb8 25. exd6 Qxd6 26. Qe2 Qd4+ 27.
Kg2 Qxb2 28. Rb1 Qxa3 29. e5 h5 30. Bxb7 Nc5 31. Bc6+ Kc8 32. Ra1 Qc3 33. Rxa7
Kd8 34. e6 Ke7 35. Rxc7+ Kf6 36. Rf1+ Kg6 37. e7 Rf7 38. e8=Q Rxe8 39. Qxe8
Qxc2+ 40. Kg1 Qc4 41. Rcxf7 Qd4+ 42. R7f2+ 1-0

[Event "2023 Fred Maris Cup (Division A)"]
[Site "Woodvale, Perth WA AUS"]
[Date "2023.06.14"]
[Round "1"]
[White "Saxon, Marc"]
[Black "Plaganyi, Gyula"]
[Result "1/2-1/2"]
[WhiteElo "2053"]
[BlackElo "1972"]
[BlackTitle "CM"]
[PlyCount "54"]
[EventDate "2023.06.14"]
[EventType "tourn"]
[EventRounds "5"]
[EventCountry "AUS"]
[TimeControl "3000+30"]

1. e4 c5 2. Nf3 g6 3. d4 cxd4 4. Nxd4 Nc6 5. Nc3 Bg7 6. Be3 Nf6 7. Qd2 Ng4 8.
Nxc6 bxc6 9. Bd4 O-O 10. Bxg7 Kxg7 11. f3 Nf6 12. e5 Ne8 13. O-O-O Qa5 14. Bc4
Qxe5 15. Rhe1 Qc5 16. Re4 Nd6 17. Rh4 Nf5 18. Rh3 Qe3 19. g4 Qxd2+ 20. Rxd2 Nd6
21. Bb3 f5 22. g5 Nb7 23. Na4 d6 24. f4 Bd7 25. Re2 Rfe8 26. Rhe3 Kf8 27. Rh3
Kg7 1/2-1/2

[Event "2023 Fred Maris Cup (Division A)"]
[Site "Woodvale, Perth WA AUS"]
[Date "2023.07.12"]
[Round "1"]
[White "Maris, Rob"]
[Black "Gibson, Jacob"]
[Result "1-0"]
[WhiteElo "2044"]
[BlackElo "1987"]
[PlyCount "79"]
[EventDate "2023.06.14"]
[EventType "tourn"]
[EventRounds "5"]
[EventCountry "AUS"]
[TimeControl "3000+30"]

1. c4 e5 2. Nc3 Nf6 3. Nf3 Nc6 4. e3 Bb4 5. Qc2 Bxc3 6. bxc3 e4 7. Ng5 Qe7 8.
f3 exf3 9. Nxf3 d6 10. Be2 O-O 11. O-O Bd7 12. Re1 Rae8 13. d4 Ne4 14. Bd3 f5
15. Rb1 b6 16. Re2 Kh8 17. Ba3 g5 18. Bxe4 fxe4 19. Nd2 Bg4 20. Ree1 Na5 21.
Bb4 Nb7 22. c5 dxc5 23. dxc5 Nxc5 24. Nb3 Rf7 25. Rf1 Ref8 26. Rxf7 Rxf7 27.
Qd2 Nxb3 28. axb3 c5 29. Ba3 Rf8 30. c4 Rd8 31. Bb2+ Kg8 32. Qc3 Kf7 33. Rf1+
Ke8 34. h3 Bh5 35. Rf5 Rd1+ 36. Kf2 Kd7 37. Qc2 Qd6 38. Bc3 h6 39. Qxe4 Kc7 40.
Be5 1-0

[Event "2023 Fred Maris Cup (Division A)"]
[Site "Woodvale, Perth WA AUS"]
[Date "2023.06.14"]
[Round "1"]
[White "Maggs, Derwent"]
[Black "Lakner, Jay"]
[Result "1/2-1/2"]
[WhiteElo "2251"]
[BlackElo "2144"]
[PlyCount "164"]
[EventDate "2023.06.14"]
[EventType "tourn"]
[EventRounds "5"]
[EventCountry "AUS"]
[TimeControl "3000+30"]

1. e4 d5 2. exd5 Qxd5 3. Nc3 Qd8 4. Bc4 c6 5. Nf3 Bf5 6. Ne5 e6 7. g4 Bg6 8. h4
Qd4 9. Qe2 Bd6 10. h5 Qxe5 11. hxg6 Qxe2+ 12. Kxe2 fxg6 13. Bxe6 Nf6 14. f3 Na6
15. d4 Nc7 16. Bc4 O-O-O 17. Bg5 Rde8+ 18. Kf2 Nfd5 19. Ne4 Kd7 20. Nxd6 Kxd6
21. Bb3 Ne6 22. Bd2 Nxd4 23. Rae1 Rxe1 24. Bxe1 h6 25. c4 Nf4 26. Bc3 Nfe6 27.
Rd1 c5 28. Bc2 Rf8 29. Be4 Kc7 30. Rd3 h5 31. Bxd4 Nxd4 32. Kg3 Rf6 33. Kh4 Rf4
34. Bxg6 Nxf3+ 35. Kxh5 Ne5 36. Rg3 Nxg6 37. Kxg6 Rxc4 38. Kxg7 Rc2 39. b3 Rxa2
40. g5 Ra3 41. Rf3 c4 42. Rf7+ Kc6 43. bxc4 Rc3 44. Rf4 a5 45. g6 a4 46. Kf7 a3
47. Rg4 a2 48. Rg1 Rxc4 49. g7 Rf4+ 50. Kg6 Rg4+ 51. Rxg4 a1=Q 52. g8=Q Qb1+
53. Kf6 Qb2+ 54. Ke7 Qa3+ 55. Kf6 Qb2+ 56. Kf5 Qc2+ 57. Kg5 Qd2+ 58. Kg6 Qc2+
59. Kh5 Qh2+ 60. Rh4 Qe2+ 61. Qg4 Qe5+ 62. Qg5 Qe2+ 63. Kh6 b5 64. Qf6+ Kc5 65.
Kg7 Qg2+ 66. Kh6 Qd2+ 67. Rf4 b4 68. Qe7+ Kb5 69. Qe5+ Ka4 70. Kg5 Kb3 71. Kf5
Qd7+ 72. Ke4 Qh7+ 73. Ke3 Qh6 74. Qd5+ Kb2 75. Qd2+ Ka1 76. Qxb4 Qh3+ 77. Rf3
Qe6+ 78. Kf2 Qa2+ 79. Kf1 Qa6+ 80. Kg1 Qg6+ 81. Kf2 Qc2+ 82. Ke3 Qb3+ 1/2-1/2

[Event "2023 Fred Maris Cup (Division B)"]
[Site "Woodvale, Perth WA AUS"]
[Date "2023.06.14"]
[Round "1"]
[White "Curthoys, Edward"]
[Black "Clarke, Daniel"]
[Result "1/2-1/2"]
[WhiteElo "1848"]
[BlackElo "1902"]
[PlyCount "50"]
[EventDate "2023.06.14"]
[EventType "tourn"]
[EventRounds "5"]
[EventCountry "AUS"]
[TimeControl "3000+30"]

1. d4 Nf6 2. Bg5 d5 3. Bxf6 exf6 4. e3 Bd6 5. c4 dxc4 6. Bxc4 O-O 7. Qf3 c6 8.
Nc3 Be6 9. Bd3 Re8 10. Nge2 Nd7 11. Nf4 Nf8 12. Nxe6 fxe6 13. O-O Qc7 14. h3
Rad8 15. Rfd1 Qf7 16. Ne4 Bb8 17. Nc5 Kh8 18. Bc4 Qc7 19. g3 e5 20. dxe5 Rxd1+
21. Rxd1 Rxe5 22. Nd3 Re8 23. Nf4 Rd8 24. Kg2 Rxd1 25. Qxd1 Qd6 1/2-1/2

[Event "2023 Fred Maris Cup (Division B)"]
[Site "Woodvale, Perth WA AUS"]
[Date "2023.06.14"]
[Round "1"]
[White "Gough, Dylan"]
[Black "Wolstencroft, Alan"]
[Result "1-0"]
[WhiteElo "1762"]
[BlackElo "1834"]
[PlyCount "79"]
[EventDate "2023.06.14"]
[EventType "tourn"]
[EventRounds "5"]
[EventCountry "AUS"]
[TimeControl "3000+30"]

1. d4 Nf6 2. c4 g6 3. Nc3 Bg7 4. Nf3 d6 5. h3 Nbd7 6. e3 O-O 7. Bd3 e5 8. O-O
Re8 9. Bc2 Qe7 10. Re1 Nf8 11. dxe5 dxe5 12. e4 h6 13. Be3 c6 14. Qd2 g5 15.
Rad1 Ng6 16. Qd6 Qxd6 17. Rxd6 Be6 18. b3 Bf8 19. Rdd1 Bb4 20. Bd2 Rad8 21. Nd5
Nxd5 22. exd5 Bxd2 23. Rxd2 cxd5 24. Bxg6 fxg6 25. cxd5 Rxd5 26. Rxd5 Bxd5 27.
Rxe5 Rxe5 28. Nxe5 Kg7 29. f3 h5 30. Kf2 Kf6 31. Nd3 Kf5 32. g4+ Kf6 33. Ke3 a6
34. Nf2 hxg4 35. hxg4 Ke5 36. Ne4 Bxe4 37. fxe4 b5 38. b4 Kd6 39. Kd4 Ke6 40.
e5 1-0

[Event "2023 Fred Maris Cup (Division C)"]
[Site "Woodvale, Perth WA AUS"]
[Date "2023.06.14"]
[Round "1"]
[White "Kerr, Lennon"]
[Black "Oswald, Franz"]
[Result "0-1"]
[WhiteElo "1576"]
[BlackElo "1641"]
[PlyCount "88"]
[EventDate "2023.06.14"]
[EventType "tourn"]
[EventRounds "5"]
[EventCountry "AUS"]
[TimeControl "3000+30"]

1. e4 c5 2. Nf3 e6 3. d4 cxd4 4. Nxd4 Nc6 5. Be3 Nf6 6. Nc3 Bb4 7. Bd3 d5 8.
exd5 Bxc3+ 9. bxc3 Nxd5 10. Qg4 Nf6 11. Qg3 Nh5 12. Qf3 g6 13. Be4 Ne5 14. Qe2
a6 15. Rd1 Qc7 16. O-O Bd7 17. f4 Nc4 18. Qf3 Nxe3 19. Qxe3 Rc8 20. Qf3 b5 21.
f5 Qxc3 22. Rd3 Qc5 23. fxe6 Bxe6 24. Kh1 O-O 25. Bb7 Rce8 26. Bxa6 Bc4 27.
Rfd1 Bxd3 28. Qxd3 Qe5 29. Nf3 Qe6 30. Bxb5 Re7 31. h3 Nf4 32. Qd4 Ne2 33. Qh4
Qe4 34. Qf2 Nc3 35. Re1 Qb4 36. Rxe7 Qxe7 37. Bc4 Rd8 38. Nd4 Rc8 39. Bb3 Rd8
40. Nf3 Rd1+ 41. Kh2 Qd6+ 42. g3 Ne4 43. Bxf7+ Kg7 44. Bc4 Nxf2 0-1

[Event "2023 Fred Maris Cup (Division C)"]
[Site "Woodvale, Perth WA AUS"]
[Date "2023.06.14"]
[Round "1"]
[White "Garang, Kuol"]
[Black "Bhatia, Abhay"]
[Result "0-1"]
[WhiteElo "1632"]
[BlackElo "1678"]
[PlyCount "144"]
[EventDate "2023.06.14"]
[EventType "tourn"]
[EventRounds "5"]
[EventCountry "AUS"]
[TimeControl "3000+30"]

1. e4 e5 2. Nf3 Nc6 3. Bb5 a6 4. Bxc6 bxc6 5. Nxe5 Qg5 6. d4 Qxg2 7. Qf3 Qxf3
8. Nxf3 Nf6 9. Nc3 Bb4 10. e5 Bxc3+ 11. bxc3 Nd5 12. Bd2 d6 13. Rg1 g6 14. c4
Ne7 15. Bg5 Nf5 16. exd6 cxd6 17. Bf6 O-O 18. h4 h5 19. Kd2 Be6 20. Kc3 a5 21.
Ng5 d5 22. Nxe6 fxe6 23. Bg5 Nd6 24. cxd5 cxd5 25. Be7 Ne4+ 26. Kb2 Rab8+ 27.
Kc1 Rxf2 28. Rb1 Rc8 29. Rb2 Nc3 30. Rxg6+ Kf7 31. Rh6 Kxe7 32. Rb7+ Kd6 33.
Rb6+ Kc7 34. Rhxe6 Ne2+ 35. Kd1 Nxd4 36. Rh6 Rxc2 37. Ra6 Rc6 38. Rh7+ Kb8 39.
Rxa5 Rc1+ 40. Kd2 R8c2+ 41. Ke3 Nf5+ 42. Kf4 Rf1+ 43. Ke5 d4 44. Rxh5 Re2+ 45.
Kd5 Ne7+ 46. Kc4 Rf4 47. Rhe5 Rc2+ 48. Kd3 Rc3+ 49. Ke2 Nc6 50. Re8+ Kb7 51.
Rb5+ Ka6 52. Rb3 Rxb3 53. axb3 Rxh4 54. Kd3 Nb4+ 55. Kd2 Rh2+ 56. Kd1 d3 57.
Re5 Rb2 58. Re6+ Kb5 59. Re5+ Kc6 60. Rh5 Rxb3 61. Kd2 Nd5 62. Rh4 Nb6 63. Ke3
Kc5 64. Rh5+ Kc4 65. Rh4+ Kc3 66. Rh3 Nc4+ 67. Ke4 Nd2+ 68. Ke3 Nc4+ 69. Ke4
Nb2 70. Kf4 Kc2 71. Rh2+ d2 72. Ke4 Kc1 0-1

[Event "2023 Fred Maris Cup (Division C)"]
[Site "Woodvale, Perth WA AUS"]
[Date "2023.06.14"]
[Round "1"]
[White "Michael, Ashley"]
[Black "Browning, Thomas"]
[Result "0-1"]
[WhiteElo "1588"]
[BlackElo "1620"]
[PlyCount "86"]
[EventDate "2023.06.14"]
[EventType "tourn"]
[EventRounds "5"]
[EventCountry "AUS"]
[TimeControl "3000+30"]

1. e4 e6 2. d4 d5 3. e5 c5 4. c3 Nc6 5. Nf3 g6 6. Be2 cxd4 7. cxd4 Bg7 8. Nc3
Nge7 9. Bg5 O-O 10. O-O Qb6 11. Na4 Qa5 12. b4 Qxb4 13. Rb1 Qa5 14. Bd2 Qd8 15.
Nc3 a6 16. Bd3 b5 17. Qc1 Na5 18. Bh6 Nc4 19. a4 bxa4 20. Bxc4 dxc4 21. Ne4 Nf5
22. Bxg7 Kxg7 23. Nf6 Nxd4 24. Rd1 Ne2+ 25. Kf1 Nxc1 26. Rxd8 Rxd8 27. Rxc1 Bb7
28. Rxc4 Bxf3 29. gxf3 Rd1+ 30. Ke2 Ra1 31. Ne4 a3 32. Ra4 a2 33. Nc5 Rc8 34.
Nb3 Rb1 35. Rxa2 Rxb3 36. Rxa6 Rc2+ 37. Kf1 Rxf3 38. h4 Rfxf2+ 39. Kg1 Rfe2 40.
Kf1 Rxe5 41. h5 Rb5 42. h6+ Kf6 43. Ra1 Rcb2 0-1

[Event "2023 Fred Maris Cup (Division D)"]
[Site "Woodvale, Perth WA AUS"]
[Date "2023.06.14"]
[Round "1"]
[White "Massam, Justin"]
[Black "Howard, Mark"]
[Result "1-0"]
[WhiteElo "1479"]
[BlackElo "1452"]
[PlyCount "79"]
[EventDate "2023.06.14"]
[EventType "tourn"]
[EventRounds "5"]
[EventCountry "AUS"]
[TimeControl "3000+30"]

1. d4 d6 2. Nf3 g6 3. Bf4 Nf6 4. h3 Bg7 5. e3 a6 6. Bd3 O-O 7. O-O Nbd7 8. Nbd2
b5 9. c4 b4 10. a3 bxa3 11. Rxa3 c5 12. Re1 cxd4 13. exd4 Bb7 14. b3 Nh5 15.
Bh2 Bxf3 16. Nxf3 Re8 17. Bc2 a5 18. Qd2 Bf8 19. Rea1 e5 20. Rxa5 Rxa5 21. Rxa5
exd4 22. Rd5 Nc5 23. Rxd4 Ne6 24. Rd5 Nc7 25. Rd3 Qa8 26. Qd1 Na6 27. Bxd6 Bxd6
28. Rxd6 Nb4 29. Rd2 Nf4 30. Kh2 Qb8 31. Kh1 h5 32. Rd4 Ne2 33. Re4 Rxe4 34.
Bxe4 Nc3 35. Qe1 Nca2 36. Qd2 Qa7 37. Bb1 Qa3 38. Nd4 Nc1 39. Nb5 Qxb3 40. Qxc1
1-0

[Event "2023 Fred Maris Cup (Division D)"]
[Site "Woodvale, Perth WA AUS"]
[Date "2023.06.14"]
[Round "1"]
[White "Boswarva, Ernest"]
[Black "Leech, Martin"]
[Result "0-1"]
[WhiteElo "1516"]
[BlackElo "1522"]
[PlyCount "62"]
[EventDate "2023.06.14"]
[EventType "tourn"]
[EventRounds "5"]
[EventCountry "AUS"]
[TimeControl "3000+30"]

1. d4 d5 2. e3 Nf6 3. Bd3 g6 4. Nf3 Bg7 5. b3 O-O 6. Bb2 b6 7. Nbd2 c5 8. e4
Nc6 9. e5 Nd7 10. Qe2 e6 11. O-O cxd4 12. Ba3 Re8 13. Bd6 Bf8 14. Bb5 Bb7 15.
Bxc6 Bxc6 16. Nxd4 Rc8 17. c4 Bb7 18. b4 dxc4 19. Nxc4 Bg7 20. Rac1 Qg5 21. f4
Qh6 22. Nb5 a6 23. Nc7 Red8 24. Be7 Rxc7 25. Bxd8 Rc8 26. Bxb6 Nxb6 27. Nxb6
Rd8 28. Rc7 Bd5 29. Nxd5 Rxd5 30. Qxa6 Bf8 31. b5 Bc5+ {Time expired} 0-1

[Event "2023 Fred Maris Cup (Division E)"]
[Site "Woodvale, Perth WA AUS"]
[Date "2023.06.14"]
[Round "1"]
[White "Walker, Colin"]
[Black "Powell, Darren"]
[Result "0-1"]
[WhiteElo "1437"]
[BlackElo "1337"]
[PlyCount "86"]
[EventDate "2023.06.14"]
[EventType "tourn"]
[EventRounds "5"]
[EventCountry "AUS"]
[TimeControl "3000+30"]

1. e4 e5 2. Nf3 Nc6 3. c4 Nf6 4. d3 d6 5. h3 h6 6. Nc3 Be6 7. Be3 Be7 8. a3 Qd7
9. Be2 O-O 10. b4 Nd8 11. d4 exd4 12. Nxd4 b6 13. Rc1 c5 14. Nxe6 Nxe6 15. b5
Ne8 16. O-O Bf6 17. Bf3 Be5 18. a4 Rd8 19. Nd5 N8c7 20. Bg4 Rde8 21. f4 Bd4 22.
Bxd4 cxd4 23. Nxc7 Qxc7 24. Bxe6 Rxe6 25. Qxd4 Qb7 26. Qd5 Qe7 27. e5 Rd8 28.
exd6 Rexd6 29. Qf3 Rd3 30. Rfe1 Qc5+ 31. Qf2 Qa3 32. Rc2 Kh7 33. Ree2 R8d6 34.
Kh2 Rf6 35. Ra2 Qd6 36. g3 g5 37. Rad2 gxf4 38. Rxd3 Qxd3 39. gxf4 Qxc4 40. Kg3
Qxa4 41. Re5 Rd6 42. Qb2 Rd3+ 43. Kh4 Qxf4+ 0-1

[Event "2023 Fred Maris Cup (Division E)"]
[Site "Woodvale, Perth WA AUS"]
[Date "2023.06.14"]
[Round "1"]
[White "Brooke, John"]
[Black "Porteus, Grant"]
[Result "0-1"]
[WhiteElo "1435"]
[BlackElo "1381"]
[PlyCount "64"]
[EventDate "2023.06.14"]
[EventType "tourn"]
[EventRounds "5"]
[EventCountry "AUS"]
[TimeControl "3000+30"]

1. e4 c6 2. Bc4 d5 3. exd5 cxd5 4. Bb3 Nf6 5. d4 Bf5 6. Nc3 h6 7. Nge2 e6 8. a3
a6 9. Bf4 Nbd7 10. Ng3 Bg6 11. O-O h5 12. h4 Ng4 13. Bg5 Be7 14. Qd2 Bxg5 15.
hxg5 Qc7 16. f4 f6 17. gxf6 gxf6 18. Nce2 O-O-O 19. Rf3 Qb6 20. Rc3+ Kb8 21.
Kf1 h4 22. Nh1 e5 23. Ke1 Be4 24. Ng1 Rhe8 25. Rh3 exf4 26. Qxf4+ Ka7 27. Rxh4
f5 28. Ng3 Qxd4 29. N1e2 Qxb2 30. Rc1 Nc5 31. Nxf5 Bxf5 32. Qxf5 Qxc1# 0-1